[Event "HUN-chT2 Szechenyi 1617"]
[Site "Hungary"]
[Date "2017.03.12"]
[Round "10.1"]
[White "Finszter, Mate"]
[Black "Szakacs, Daniel"]
[Result "1-0"]
[WhiteElo "2239"]
[BlackElo "2126"]
[PlyCount "135"]
[EventDate "2016.09.25"]
[EventType "team-tourn"]
[EventRounds "11"]
[EventCountry "HUN"]
[SourceTitle "EXT 2021"]
[Source "ChessBase"]
[SourceDate "2020.10.23"]
[SourceVersion "1"]
[SourceVersionDate "2020.10.23"]
[SourceQuality "1"]
[WhiteTeam "Gyor Szechenyi"]
[BlackTeam "Veszprem Ezust Huszar"]
[WhiteTeamCountry "HUN"]
[BlackTeamCountry "HUN"]

1. Nf3 g6 2. g3 Bg7 3. Bg2 e5 4. 0-0 Ne7 5. c4 0-0 6. Nc3 c6 7. d4 d6 8. dxe5 dxe5 9. Qxd8 Rxd8 10. Bg5 f6 11. Be3 Be6 12. Rad1 Nd7 13. b3 Nf5 14. Bc1 Bf8 15. Ne4 Be7 16. g4 Ng7 17. h3 g5 18. Be3 h5 19. Nh2 hxg4 20. hxg4 Ne8 21. Bf3 a5 22. Rd3 Nf8 23. Rxd8 Bxd8 24. Rd1 Bc7 25. Nc5 Bc8 26. Nf1 Ne6 27. Ne4 Kf7 28. Nfg3 N6g7 29. Kg2 Ne6 30. Kg1 Nf4 31. Bc1 Ng6 32. e3 Nh4 33. Be2 b6 34. c5 Be6 35. cxb6 Bxb6 36. Ba3 a4 37. Bc4 Ra7 38. Bxe6+ Kxe6 39. Bc5 Bxc5 40. Nxc5+ Ke7 41. Nxa4 Nd6 42. Rc1 Ra6 43. Kf1 Nf3 44. Ke2 Nh2 45. Rh1 Nxg4 46. f3 Nxe3 47. Kxe3 f5 48. Rh7+ Ke8 49. Ke2 e4 50. fxe4 f4 51. Nf5 Nxf5 52. exf5 Ra5 53. f6 Rf5 54. Rg7 f3+ 55. Kf2 Kf8 56. Nc3 Rxf6 57. Rxg5 Ke7 58. Re5+ Kd6 59. Re3 Rh6 60. Kxf3 Kc5 61. a3 Rh8 62. Ne2 Ra8 63. Rc3+ Kb6 64. b4 Rd8 65. Ke3 Rd5 66. Nf4 Re5+ 67. Kd4 Re8 68. Nd3 1-0

[Event "HUN-chT2 Szechenyi 1617"]
[Site "Hungary"]
[Date "2017.01.29"]
[Round "7.1"]
[White "Szakacs, Daniel"]
[Black "Szelenyi, Norbert"]
[Result "1-0"]
[WhiteElo "2126"]
[BlackElo "2345"]
[PlyCount "59"]
[EventDate "2016.09.25"]
[EventType "team-tourn"]
[EventRounds "11"]
[EventCountry "HUN"]
[SourceTitle "EXT 2021"]
[Source "ChessBase"]
[SourceDate "2020.10.23"]
[SourceVersion "1"]
[SourceVersionDate "2020.10.23"]
[SourceQuality "1"]
[WhiteTeam "Veszprem Ezust Huszar"]
[BlackTeam "Ajka Banyasz"]
[WhiteTeamCountry "HUN"]
[BlackTeamCountry "HUN"]

1. e4 c5 2. Nf3 e6 3. d4 cxd4 4. c3 d3 5. Bxd3 d6 6. c4 Nf6 7. Nc3 Nbd7 8. 0-0 a6 9. h3 Qc7 10. Be3 Be7 11. Rc1 b6 12. b4 Bb7 13. Qe2 0-0 14. Nd2 Rac8 15. f4 Rfe8 16. g4 Nf8 17. Qf2 N6d7 18. Nf3 Bd8 19. g5 Qb8 20. h4 Bc6 21. Nd4 Ba8 22. Nb3 Bc6 23. Rfd1 Ba8 24. c5 dxc5 25. Bxa6 cxb4 26. Bxc8 Qxc8 27. Nb5 Qa6 28. Nd6 Re7 29. Rc8 Bxe4 30. Rxd8 1-0

[Event "HUN-chT2 Szechenyi 1516"]
[Site "Hungary"]
[Date "2016.03.20"]
[Round "9.1"]
[White "Joo, Gabor"]
[Black "Szakacs, Daniel"]
[Result "0-1"]
[WhiteElo "2024"]
[BlackElo "2122"]
[PlyCount "78"]
[EventDate "2015.09.13"]
[EventType "team-tourn"]
[EventRounds "11"]
[EventCountry "HUN"]
[SourceTitle "EXT 2017"]
[Source "ChessBase"]
[SourceDate "2016.10.25"]
[SourceVersion "1"]
[SourceVersionDate "2016.10.25"]
[SourceQuality "1"]
[WhiteTeam "HVSE Infraplan"]
[BlackTeam "Ezust Huszar"]
[WhiteTeamCountry "HUN"]
[BlackTeamCountry "HUN"]

1. e4 g6 2. d4 Bg7 3. Nf3 c6 4. Nc3 d5 5. Be2 dxe4 6. Nxe4 Nf6 7. Nxf6+ exf6 8. 0-0 0-0 9. Bf4 Be6 10. Qd2 Re8 11. Rfe1 Nd7 12. c4 Nb6 13. b3 a5 14. h3 Bf8 15. Qb2 a4 16. Bd3 Qd7 17. Bg3 axb3 18. axb3 Rxa1 19. Rxa1 Nc8 20. Re1 Rd8 21. Rd1 Bg7 22. Bf1 Nd6 23. Bf4 g5 24. Bd2 b5 25. cxb5 Nxb5 26. Be3 Bd5 27. Be2 Nd6 28. Nd2 Rb8 29. Qc2 h6 30. Bf3 f5 31. Bxd5 cxd5 32. Nf3 f4 33. Bc1 Ne4 34. Ne5 Qc8 35. Nc6 Kh8 36. Rd3 Rb6 37. Nb4 Qxc2 38. Nxc2 Rc6 39. Bxf4 gxf4 0-1

[Event "HUN-chT2 Szechenyi 1415"]
[Site "Hungary"]
[Date "2014.10.12"]
[Round "3.1"]
[White "Simo, Judit"]
[Black "Szakacs, Daniel"]
[Result "1/2-1/2"]
[WhiteElo "1947"]
[BlackElo "2139"]
[PlyCount "73"]
[EventDate "2014.09.07"]
[EventType "team-tourn"]
[EventRounds "11"]
[EventCountry "HUN"]
[SourceTitle "EXT 2016"]
[Source "ChessBase"]
[SourceDate "2015.10.08"]
[SourceVersion "1"]
[SourceVersionDate "2015.10.08"]
[SourceQuality "1"]
[WhiteTeam "Tapolca"]
[BlackTeam "Veszprem"]
[WhiteTeamCountry "HUN"]
[BlackTeamCountry "HUN"]

1. e4 g6 2. d4 Bg7 3. Nc3 c6 4. f4 d5 5. Nf3 dxe4 6. Nxe4 Bg4 7. c3 Nd7 8. Bc4 Bxf3 9. Qxf3 Ngf6 10. 0-0 Nxe4 11. Qxe4 Nf6 12. Qc2 e6 13. f5 gxf5 14. b4 Nd5 15. Bd2 Qd7 16. Rae1 0-0-0 17. a4 Bf8 18. b5 Bd6 19. bxc6 Qxc6 20. Qb3 Qc7 21. h3 Bf4 22. Bxf4 Nxf4 23. Re5 Kb8 24. Rxf4 f6 25. Rb5 Qxf4 26. Rxb7+ Ka8 27. Bxe6 Qe3+ 28. Kh1 Qc1+ 29. Kh2 Qf4+ 30. Kg1 Rhe8 31. d5 Rxe6 32. dxe6 Rd2 33. Rg7 Qe3+ 34. Kh2 Qe5+ 35. Kh1 Qe1+ 36. Kh2 Qe5+ 37. Kh1 1/2-1/2

[Event "Budapest-chT1 Lilienthal 1213"]
[Site "Budapest"]
[Date "2013.04.14"]
[Round "10"]
[White "Szakacs, Daniel"]
[Black "Seres, Bela"]
[Result "1-0"]
[WhiteElo "2133"]
[BlackElo "2199"]
[PlyCount "71"]
[EventDate "2012.09.30"]
[EventType "team-tourn"]
[EventRounds "11"]
[EventCountry "HUN"]
[SourceTitle "EXT 2019"]
[Source "ChessBase"]
[SourceDate "2018.10.10"]
[SourceVersion "1"]
[SourceVersionDate "2018.10.10"]
[SourceQuality "1"]
[WhiteTeam "Budapest Ujpest KSE"]
[BlackTeam "Fabulon"]
[WhiteTeamCountry "HUN"]
[BlackTeamCountry "HUN"]

1. e4 c5 2. Nf3 g6 3. d4 Bg7 4. c3 cxd4 5. cxd4 d5 6. exd5 Nf6 7. Bb5+ Nbd7 8. Nc3 0-0 9. d6 exd6 10. 0-0 a6 11. Bd3 b5 12. Bf4 Nb6 13. Ne4 Nxe4 14. Bxe4 Ra7 15. b3 Bg4 16. h3 d5 17. Bd3 Bxf3 18. Qxf3 Bxd4 19. Rac1 Bg7 20. Rc6 d4 21. Bd6 Nd7 22. Bxf8 Ne5 23. Qe4 f5 24. Rd6 Qxf8 25. Qd5+ Nf7 26. Re6 Qa8 27. Qc5 Rd7 28. Rfe1 Rd8 29. Qb6 Qd5 30. Re8+ Rxe8 31. Rxe8+ Bf8 32. Qxa6 Nd6 33. Qa8 Qf7 34. Rd8 Kg7 35. Qc6 Qe6 36. Qd7+ 1-0

[Event "HUN-chT2 Szechenyi 0708"]
[Site "Hungary"]
[Date "2008.05.18"]
[Round "11"]
[White "Kiss, Robert"]
[Black "Szakacs, Daniel"]
[Result "0-1"]
[WhiteElo "2091"]
[BlackElo "2141"]
[PlyCount "84"]
[EventDate "2007.10.14"]
[EventType "team-tourn"]
[EventRounds "11"]
[EventCountry "HUN"]
[SourceTitle "EXT 2009"]
[Source "ChessBase"]
[SourceDate "2008.11.26"]
[SourceVersion "1"]
[SourceVersionDate "2008.11.26"]
[SourceQuality "1"]
[WhiteTeam "Arboretum"]
[BlackTeam "Veszprem"]
[WhiteTeamCountry "HUN"]
[BlackTeamCountry "HUN"]

1. e4 g6 2. d4 Bg7 3. Nf3 c6 4. Nc3 d5 5. exd5 cxd5 6. Bf4 a6 7. Be2 Nc6 8. 0-0 Bg4 9. Ne5 Nxe5 10. Bxe5 Bxe2 11. Nxe2 Nf6 12. c3 0-0 13. Nf4 e6 14. Nd3 Qb6 15. Nc5 Qc6 16. Re1 Nd7 17. Bxg7 Kxg7 18. Nxd7 Qxd7 19. Qg4 Rac8 20. Re3 h5 21. Qf4 Qc7 22. Qh4 Qd8 23. Qh3 Qb6 24. Rb1 Qa5 25. a3 Qa4 26. Rbe1 Qc2 27. R3e2 Qb3 28. Qe3 a5 29. Qe5+ Kh7 30. Qf6 b5 31. Qe7 Kh6 32. h4 b4 33. axb4 axb4 34. cxb4 Rb8 35. g4 Qxb4 36. Qg5+ Kh7 37. gxh5 Rg8 38. Kh1 Qxd4 39. hxg6+ Rxg6 40. Qe7 Rb7 41. Qd8 Qg4 42. f4 Qh3+ 0-1

[Event "HUN-chT2 Szechenyi 0607"]
[Site "Hungary"]
[Date "2007.03.25"]
[Round "7"]
[White "Takacs, Gergo"]
[Black "Szakacs, Daniel"]
[Result "0-1"]
[WhiteElo "2167"]
[BlackElo "2129"]
[PlyCount "96"]
[EventDate "2006.11.12"]
[EventType "team-tourn"]
[EventRounds "11"]
[EventCountry "HUN"]
[SourceTitle "EXT 2008"]
[Source "ChessBase"]
[SourceDate "2007.11.25"]
[SourceVersion "1"]
[SourceVersionDate "2007.11.25"]
[SourceQuality "1"]
[WhiteTeam "Sarvar"]
[BlackTeam "Veszprem"]
[WhiteTeamCountry "HUN"]
[BlackTeamCountry "HUN"]

1. e4 e6 2. d4 d5 3. Nd2 Nf6 4. e5 Nfd7 5. Bd3 c5 6. c3 Nc6 7. Ngf3 Qb6 8. 0-0 cxd4 9. cxd4 Nxd4 10. Nxd4 Qxd4 11. Nf3 Qb6 12. Qa4 Qb4 13. Qc2 Qc5 14. Qa4 Qb4 15. Qc2 Qc5 16. Qe2 Be7 17. Bd2 Qc7 18. Rac1 Qd8 19. b4 0-0 20. Rfe1 Nb6 21. Nd4 Bd7 22. Qg4 Re8 23. Bh6 g6 24. Re3 Nc4 25. Bxc4 dxc4 26. Rf3 f5 27. exf6 Bxf6 28. Ne2 e5 29. Qxc4+ Be6 30. Qc7 Rc8 31. Qxd8 Rxc1+ 32. Nxc1 Rxd8 33. h3 Be7 34. a3 e4 35. Rc3 Bf6 36. Rc2 b5 37. Ne2 Bc4 38. Ng3 Be5 39. Rd2 Rxd2 40. Bxd2 Bd3 41. Nf1 Bb2 42. f3 Bxa3 43. fxe4 a5 44. bxa5 b4 45. Ne3 b3 46. Nd1 b2 47. Nc3 Bc5+ 48. Kh2 Bd4 0-1

[Event "HUN-chT2 Szechenyi 0607"]
[Site "Hungary"]
[Date "2007.03.04"]
[Round "6"]
[White "Szakacs, Daniel"]
[Black "Lendvai, Edit"]
[Result "1/2-1/2"]
[WhiteElo "2129"]
[BlackElo "2126"]
[PlyCount "132"]
[EventDate "2006.11.12"]
[EventType "team-tourn"]
[EventRounds "11"]
[EventCountry "HUN"]
[SourceTitle "EXT 2008"]
[Source "ChessBase"]
[SourceDate "2007.11.25"]
[SourceVersion "1"]
[SourceVersionDate "2007.11.25"]
[SourceQuality "1"]
[WhiteTeam "Veszprem"]
[BlackTeam "Arboretum"]
[WhiteTeamCountry "HUN"]
[BlackTeamCountry "HUN"]

1. e4 e5 2. Nf3 d6 3. Bc4 Be7 4. 0-0 Nf6 5. Re1 0-0 6. c3 c6 7. Bb3 Bg4 8. d4 Nbd7 9. h3 Bh5 10. Bg5 h6 11. Bh4 Nh7 12. Bxe7 Qxe7 13. Nbd2 Ng5 14. Qe2 Qf6 15. Qe3 Nxf3+ 16. Nxf3 Rfe8 17. dxe5 dxe5 18. Nd2 Qe7 19. f3 Nc5 20. Bc2 Rad8 21. Rad1 b6 22. Nf1 Rxd1 23. Rxd1 Rd8 24. Rxd8+ Qxd8 25. Qd2 Qxd2 26. Nxd2 f6 27. Nc4 Bf7 28. Nd6 Bxa2 29. Nc8 Be6 30. Ne7+ Kf8 31. Nxc6 a5 32. b4 Nb7 33. Kf2 Bd7 34. Ba4 axb4 35. cxb4 Nd6 36. b5 Nc8 37. h4 Ne7 38. Ke3 Ke8 39. Nb4 Kd8 40. g3 Kc7 41. Kd2 Kd6 42. Kc3 Bh3 43. Nd3 Bf1 44. Nc1 Ng6 45. Kb4 Nf8 46. Bd1 Ne6 47. Nb3 Nc7 48. Nd2 Bxb5 49. f4 exf4 50. gxf4 Be8 51. Nc4+ Kc6 52. Bf3 Na6+ 53. Kc3 Kc5 54. Nd2 b5 55. Nb3+ Kd6 56. Kd4 Bf7 57. e5+ fxe5+ 58. fxe5+ Ke7 59. Na5 Be6 60. Bb7 Nc7 61. Nc6+ Kd7 62. Nb4 Bc4 63. Bc6+ Ke7 64. Bf3 Ne6+ 65. Ke3 Nc5 66. Bg4 Be6 1/2-1/2

[Event "HUN-chT2 Szechenyi 0607"]
[Site "Hungary"]
[Date "2006.11.26"]
[Round "2"]
[White "Suranyi, Pal"]
[Black "Szakacs, Daniel"]
[Result "1-0"]
[WhiteElo "2192"]
[BlackElo "2129"]
[PlyCount "133"]
[EventDate "2006.11.12"]
[EventType "team-tourn"]
[EventRounds "11"]
[EventCountry "HUN"]
[SourceTitle "EXT 2008"]
[Source "ChessBase"]
[SourceDate "2007.11.25"]
[SourceVersion "1"]
[SourceVersionDate "2007.11.25"]
[SourceQuality "1"]
[WhiteTeam "Peti MTE"]
[BlackTeam "Veszprem"]
[WhiteTeamCountry "HUN"]
[BlackTeamCountry "HUN"]

1. d4 Nf6 2. Nf3 d5 3. c4 e6 4. g3 Be7 5. Bg2 0-0 6. 0-0 Nbd7 7. b3 Ne4 8. Nbd2 Nxd2 9. Bxd2 b6 10. cxd5 exd5 11. b4 Ba6 12. Rb1 Bc4 13. Rb2 b5 14. Bf4 a5 15. a3 axb4 16. axb4 Ra4 17. Qd2 f6 18. Rc1 Re8 19. Ne1 c6 20. Bf3 Nf8 21. Qc3 Ne6 22. Bd2 Bd6 23. Ng2 Qb6 24. Be3 Qa7 25. h4 Qe7 26. Bd2 Rea8 27. Ne3 Ra3 28. Nf5 Qc7 29. Qc2 Bf8 30. Bc3 Qa7 31. Qd2 Ra1 32. Rxa1 Qxa1+ 33. Kg2 Ra2 34. Rxa2 Qxa2 35. Qe3 Kf7 36. Bg4 Nd8 37. Qf4 Qa7 38. Ne3 g6 39. h5 Kg7 40. hxg6 hxg6 41. Bd2 Kf7 42. Bc3 f5 43. Nxf5 gxf5 44. Bh5+ Ke7 45. Qg5+ Ke6 46. Qxd8 Be7 47. Qg8+ Kd7 48. Qe8+ Ke6 49. Qxc6+ Bd6 50. Qc8+ Kf6 51. Bd2 Qe7 52. Qh8+ Ke6 53. Qg8+ Kd7 54. Bg5 Qe4+ 55. Bf3 Qe6 56. Qd8+ Kc6 57. Qa8+ Kd7 58. Qb7+ Ke8 59. Qc6+ Kf7 60. Bh5+ Kg7 61. Bf4 Bxe2 62. Bxe2 Qxe2 63. Qxd6 Qe4+ 64. Kh2 Qf3 65. Qe7+ Kg8 66. Qe6+ Kh7 67. Qf7+ 1-0

[Event "HUN-chT2 Szechenyi 0506"]
[Site "Hungary"]
[Date "2006.03.19"]
[Round "9"]
[White "Szabo, Laszlo4"]
[Black "Szakacs, Daniel"]
[Result "0-1"]
[WhiteElo "1991"]
[BlackElo "2103"]
[PlyCount "38"]
[EventDate "2005.10.16"]
[EventType "team-tourn"]
[EventRounds "11"]
[EventCountry "HUN"]
[SourceTitle "EXT 2009"]
[Source "ChessBase"]
[SourceDate "2008.11.26"]
[SourceVersion "1"]
[SourceVersionDate "2008.11.26"]
[SourceQuality "1"]
[WhiteTeam "Gyor Komszomol"]
[BlackTeam "HEMO"]
[WhiteTeamCountry "HUN"]
[BlackTeamCountry "HUN"]

1. e4 e6 2. d4 d5 3. Nd2 Nf6 4. e5 Nfd7 5. f4 c5 6. c3 Nc6 7. Ndf3 cxd4 8. cxd4 Qb6 9. g3 Bb4+ 10. Kf2 f6 11. Be3 fxe5 12. fxe5 0-0 13. h4 Ndxe5 14. dxe5 Bc5 15. Bxc5 Qxc5+ 16. Kg2 Nxe5 17. Rc1 Qe3 18. Rc3 Ng4 19. Nh3 Qxc3 0-1

[Event "HUN-chT2 Szechenyi 0506"]
[Site "Hungary"]
[Date "2006.01.22"]
[Round "6"]
[White "Szakacs, Daniel"]
[Black "Farkas, Gyula"]
[Result "0-1"]
[WhiteElo "2103"]
[BlackElo "2215"]
[PlyCount "66"]
[EventDate "2005.10.16"]
[EventType "team-tourn"]
[EventRounds "11"]
[EventCountry "HUN"]
[SourceTitle "EXT 2009"]
[Source "ChessBase"]
[SourceDate "2008.11.26"]
[SourceVersion "1"]
[SourceVersionDate "2008.11.26"]
[SourceQuality "1"]
[WhiteTeam "HEMO"]
[BlackTeam "Lovo"]
[WhiteTeamCountry "HUN"]
[BlackTeamCountry "HUN"]

1. d4 d5 2. Nf3 c6 3. g3 Nf6 4. Bg2 Bf5 5. 0-0 h6 6. c4 e6 7. Nc3 Nbd7 8. cxd5 exd5 9. Bf4 Be7 10. Ne5 0-0 11. f3 Nxe5 12. Bxe5 Nd7 13. Bf4 g5 14. Be3 Bg6 15. Bf2 Qb6 16. Qd2 Nf6 17. h3 Rad8 18. e4 dxe4 19. fxe4 Bb4 20. Qe2 Bxc3 21. bxc3 Nxe4 22. Bxe4 Rde8 23. d5 Qc7 24. d6 Qxd6 25. Qd1 Qxd1 26. Raxd1 Rxe4 27. Bxa7 Bf5 28. Kg2 Ra8 29. Bc5 Re2+ 30. Kf3 Rc2 31. Bd4 Bxh3 32. a4 c5 33. Bf6 Ra6 0-1

[Event "HUN-chT2 Szechenyi 0506"]
[Site "Hungary"]
[Date "2005.10.30"]
[Round "2"]
[White "Szakacs, Daniel"]
[Black "Joo, Gabor"]
[Result "1-0"]
[WhiteElo "2103"]
[BlackElo "2184"]
[PlyCount "101"]
[EventDate "2005.10.16"]
[EventType "team-tourn"]
[EventRounds "11"]
[EventCountry "HUN"]
[SourceTitle "EXT 2009"]
[Source "ChessBase"]
[SourceDate "2008.11.26"]
[SourceVersion "1"]
[SourceVersionDate "2008.11.26"]
[SourceQuality "1"]
[WhiteTeam "HEMO"]
[BlackTeam "HVSE Infraplan II"]
[WhiteTeamCountry "HUN"]
[BlackTeamCountry "HUN"]

1. e4 c5 2. Nf3 d6 3. c3 Nf6 4. Be2 Nc6 5. d4 cxd4 6. cxd4 Nxe4 7. d5 Qa5+ 8. Nc3 Ne5 9. Nxe5 Nxc3 10. Nc4 Qxd5 11. bxc3 Qxg2 12. Bf3 Qg6 13. Ba3 Qf6 14. Qd3 g6 15. Qe3 Bg7 16. Nxd6+ Kf8 17. Ne4 Qe5 18. Rd1 Be6 19. 0-0 f5 20. Nc5 Qxe3 21. fxe3 Bxa2 22. Bxb7 Re8 23. e4 Bxc3 24. Rf3 Bf6 25. Rd2 Bf7 26. e5 Bg7 27. Rg2 h6 28. e6 Bg8 29. h4 Bf6 30. Rxg6 Bxe6 31. Nxe6+ Kf7 32. Nf4 Rd8 33. h5 e6 34. Kh1 Rd1+ 35. Rg1 Rhd8 36. Rxd1 Rxd1+ 37. Kg2 Rd2+ 38. Rf2 Rxf2+ 39. Kxf2 Bd4+ 40. Kf3 e5 41. Ne2 Bb6 42. Bc8 Kf6 43. Ng3 e4+ 44. Kg2 e3 45. Bxf5 a5 46. Bg6 Ke5 47. Kf3 Kd4 48. Nf5+ Kc3 49. Nxe3 Kb3 50. Bf8 a4 51. Bf7+ 1-0

[Event "HUN-chT2 Szechenyi 0405"]
[Site "Hungary"]
[Date "2005.03.06"]
[Round "9"]
[White "Vincze, Robert"]
[Black "Szakacs, Daniel"]
[Result "1-0"]
[WhiteElo "2228"]
[BlackElo "2129"]
[PlyCount "61"]
[EventDate "2004.09.26"]
[EventType "team-tourn"]
[EventRounds "11"]
[EventCountry "HUN"]
[SourceTitle "EXT 2009"]
[Source "ChessBase"]
[SourceDate "2008.11.26"]
[SourceVersion "1"]
[SourceVersionDate "2008.11.26"]
[SourceQuality "1"]
[WhiteTeam "Flesch"]
[BlackTeam "Veszprem"]
[WhiteTeamCountry "HUN"]
[BlackTeamCountry "HUN"]

1. c4 Nf6 2. Nf3 g6 3. g3 Bg7 4. Bg2 0-0 5. d3 c6 6. e4 e5 7. 0-0 Re8 8. Re1 d6 9. Qb3 Qc7 10. h3 h6 11. Nc3 Nbd7 12. Be3 Nc5 13. Qc2 Bd7 14. Rad1 Ne6 15. Qd2 Kh7 16. d4 Nf8 17. b3 Rad8 18. Qc1 b6 19. Rd3 Nxe4 20. Nxe4 f5 21. Neg5+ hxg5 22. Nxg5+ Kg8 23. dxe5 dxe5 24. c5 e4 25. Rd6 Be5 26. Qc4+ Kh8 27. Nf7+ Kh7 28. Nxe5 Be6 29. Qc1 Rxd6 30. cxd6 Qxd6 31. Qxc6 1-0

[Event "HUN-chT2 Szechenyi 0405"]
[Site "Hungary"]
[Date "2005.01.23"]
[Round "6"]
[White "Szakacs, Daniel"]
[Black "Szabo, Laszlo1"]
[Result "0-1"]
[WhiteElo "2129"]
[BlackElo "2092"]
[PlyCount "86"]
[EventDate "2004.09.26"]
[EventType "team-tourn"]
[EventRounds "11"]
[EventCountry "HUN"]
[SourceTitle "EXT 2009"]
[Source "ChessBase"]
[SourceDate "2008.11.26"]
[SourceVersion "1"]
[SourceVersionDate "2008.11.26"]
[SourceQuality "1"]
[WhiteTeam "Veszprem"]
[BlackTeam "Gyor Vizugy"]
[WhiteTeamCountry "HUN"]
[BlackTeamCountry "HUN"]

1. e4 c5 2. Nf3 Nc6 3. d4 cxd4 4. Nxd4 Nf6 5. Nc3 e5 6. Ndb5 d6 7. Bg5 a6 8. Na3 b5 9. Bxf6 gxf6 10. Nd5 Bg7 11. g3 0-0 12. Bg2 Ne7 13. 0-0 Rb8 14. c3 f5 15. Nc2 Nxd5 16. Qxd5 Be6 17. Qd2 fxe4 18. Nb4 f5 19. Nc6 Qc7 20. Nxb8 Qxb8 21. Rfd1 d5 22. a4 d4 23. axb5 axb5 24. Ra5 Qb6 25. Rda1 e3 26. Qe1 Qc5 27. Bf1 Bc4 28. cxd4 exd4 29. Rc1 Qb6 30. b4 exf2+ 31. Qxf2 Bh6 32. Re1 Be3 33. Bxc4+ bxc4 34. Rxe3 dxe3 35. Qe2 Qxb4 36. Re5 Qb1+ 37. Kg2 Qd3 38. Qxd3 cxd3 39. Rd5 d2 40. Kf3 Re8 41. Ke2 Kg7 42. Rxf5 Rd8 43. Rf1 Rc8 0-1

[Event "HUN-chT2 Szechenyi 0405"]
[Site "Hungary"]
[Date "2004.12.05"]
[Round "4"]
[White "Szakacs, Daniel"]
[Black "Farkas, Gyula"]
[Result "1/2-1/2"]
[WhiteElo "2129"]
[BlackElo "2216"]
[PlyCount "54"]
[EventDate "2004.09.26"]
[EventType "team-tourn"]
[EventRounds "11"]
[EventCountry "HUN"]
[SourceTitle "EXT 2009"]
[Source "ChessBase"]
[SourceDate "2008.11.26"]
[SourceVersion "1"]
[SourceVersionDate "2008.11.26"]
[SourceQuality "1"]
[WhiteTeam "Veszprem"]
[BlackTeam "Lovo"]
[WhiteTeamCountry "HUN"]
[BlackTeamCountry "HUN"]

1. e4 c5 2. Nf3 Nc6 3. d4 cxd4 4. Nxd4 Nf6 5. Nc3 g6 6. Be3 Bg7 7. Qd2 Ng4 8. Nxc6 bxc6 9. Bd4 Bxd4 10. Qxd4 e5 11. Qd2 0-0 12. Be2 d6 13. Bxg4 Bxg4 14. f3 Be6 15. 0-0-0 Qf6 16. Qe3 Rfd8 17. Rhe1 Rd7 18. g3 Rb8 19. f4 exf4 20. gxf4 d5 21. exd5 cxd5 22. Qe5 Qxe5 23. Rxe5 d4 24. Ne4 Kg7 25. Nc5 Rd6 26. Nxe6+ fxe6 27. Ra5 Rb7 1/2-1/2

[Event "HUN-chT2 Szechenyi 0304"]
[Site "Hungary"]
[Date "2004.04.18"]
[Round "11"]
[White "Szakacs, Daniel"]
[Black "Ragats, Jozsef"]
[Result "1/2-1/2"]
[WhiteElo "2030"]
[BlackElo "2141"]
[PlyCount "40"]
[EventDate "2003.09.28"]
[EventType "team-tourn"]
[EventRounds "11"]
[EventCountry "HUN"]
[SourceTitle "EXT 2009"]
[Source "ChessBase"]
[SourceDate "2008.11.26"]
[SourceVersion "1"]
[SourceVersionDate "2008.11.26"]
[SourceQuality "1"]
[WhiteTeam "Veszprem"]
[BlackTeam "Nagykanizsa II"]
[WhiteTeamCountry "HUN"]
[BlackTeamCountry "HUN"]

1. e4 e6 2. d3 d5 3. Nd2 c5 4. g3 Nc6 5. Bg2 Nf6 6. Ngf3 dxe4 7. dxe4 e5 8. 0-0 Be7 9. c3 0-0 10. Qc2 h6 11. Nc4 Qc7 12. Ne3 Be6 13. b3 Rfd8 14. Bb2 Rd7 15. Rad1 Rad8 16. Rxd7 Rxd7 17. Ne1 Qd8 18. Bc1 b5 19. f4 Rb7 20. Nd3 c4 1/2-1/2

[Event "HUN-chT2 Szechenyi 0304"]
[Site "Hungary"]
[Date "2003.11.30"]
[Round "4"]
[White "Szakacs, Daniel"]
[Black "Nemeth, Jozsef"]
[Result "1-0"]
[WhiteElo "2030"]
[BlackElo "2073"]
[PlyCount "79"]
[EventDate "2003.09.28"]
[EventType "team-tourn"]
[EventRounds "11"]
[EventCountry "HUN"]
[SourceTitle "EXT 2009"]
[Source "ChessBase"]
[SourceDate "2008.11.26"]
[SourceVersion "1"]
[SourceVersionDate "2008.11.26"]
[SourceQuality "1"]
[WhiteTeam "Veszprem"]
[BlackTeam "Zala Volan"]
[WhiteTeamCountry "HUN"]
[BlackTeamCountry "HUN"]

1. c4 c6 2. Nc3 d5 3. cxd5 cxd5 4. Nf3 Nf6 5. g3 Nc6 6. d4 Bg4 7. Bg2 e6 8. h3 Bh5 9. 0-0 Bd6 10. Be3 a6 11. Na4 Ne4 12. Nd2 f5 13. Nxe4 fxe4 14. Rc1 0-0 15. Nc5 Qe7 16. Re1 Rac8 17. Qa4 Be8 18. Red1 Ne5 19. Qb3 Nc4 20. Nxe4 Na5 21. Qb6 Bc7 22. Qc5 Qd7 23. Nd2 Bh5 24. Nf3 Nc4 25. Rxc4 dxc4 26. Qxh5 Rf5 27. Qg4 Qa4 28. Rd2 Qxa2 29. Qe4 Re8 30. Ng5 h6 31. Qxb7 Ba5 32. Nxe6 Rf7 33. Qc6 Rb8 34. Rd1 Qxb2 35. Qxc4 Kh8 36. Qxa6 Bb6 37. Qd3 Ba5 38. Qg6 Qxe2 39. Be4 Qxd1+ 40. Kg2 1-0

[Event "HUN-chT2 Szechenyi 0304"]
[Site "Hungary"]
[Date "2003.11.16"]
[Round "3"]
[White "Szakacs, Daniel"]
[Black "Tamas, Milan"]
[Result "1-0"]
[WhiteElo "2030"]
[BlackElo "1992"]
[PlyCount "53"]
[EventDate "2003.09.28"]
[EventType "team-tourn"]
[EventRounds "11"]
[EventCountry "HUN"]
[SourceTitle "EXT 2009"]
[Source "ChessBase"]
[SourceDate "2008.11.26"]
[SourceVersion "1"]
[SourceVersionDate "2008.11.26"]
[SourceQuality "1"]
[WhiteTeam "Veszprem"]
[BlackTeam "Haladas II"]
[WhiteTeamCountry "HUN"]
[BlackTeamCountry "HUN"]

1. c4 c5 2. Nc3 b6 3. g3 Bb7 4. Nf3 g6 5. Bg2 Bg7 6. 0-0 Nf6 7. d3 0-0 8. e4 d6 9. Ne1 Na6 10. e5 Bxg2 11. exf6 Bxf1 12. fxg7 Kxg7 13. Kxf1 e6 14. Qf3 Nc7 15. Be3 Qd7 16. a4 a6 17. d4 Qe7 18. a5 Rab8 19. axb6 Rxb6 20. Nd3 Rb3 21. dxc5 Rd8 22. Bf4 dxc5 23. Be5+ Kg8 24. Nxc5 Rbb8 25. N5e4 Rxb2 26. Nf6+ Kf8 27. Nce4 1-0

[Event "HUN-chT2 Szechenyi 0304"]
[Site "Hungary"]
[Date "2003.09.28"]
[Round "1"]
[White "Vincze, Otto"]
[Black "Szakacs, Daniel"]
[Result "1-0"]
[WhiteElo "2056"]
[BlackElo "2030"]
[PlyCount "83"]
[EventDate "2003.09.28"]
[EventType "team-tourn"]
[EventRounds "11"]
[EventCountry "HUN"]
[SourceTitle "EXT 2009"]
[Source "ChessBase"]
[SourceDate "2008.11.26"]
[SourceVersion "1"]
[SourceVersionDate "2008.11.26"]
[SourceQuality "1"]
[WhiteTeam "Ajka Banyasz"]
[BlackTeam "Veszprem"]
[WhiteTeamCountry "HUN"]
[BlackTeamCountry "HUN"]

1. e4 e6 2. d4 d5 3. Nd2 Nf6 4. e5 Nfd7 5. Bd3 c5 6. c3 Nc6 7. Ne2 f6 8. exf6 Qxf6 9. Nf3 Bd6 10. 0-0 h6 11. Be3 0-0 12. Ng3 e5 13. dxe5 Ndxe5 14. Nxe5 Qxe5 15. Qd2 Qf6 16. Rad1 Be6 17. Bb1 Rad8 18. Qc2 d4 19. Bc1 Rfe8 20. Qh7+ Kf8 21. Nh5 Bxh2+ 22. Kh1 Qe5 23. Bxh6 gxh6 24. Qxh6+ Ke7 25. Rfe1 Rh8 26. Bh7 dxc3 27. Rxe5 Bxe5 28. Qg5+ Ke8 29. Rxd8+ Nxd8 30. Bg6+ Kd7 31. Qxe5 c2 32. Qc3 Bg4 33. Qxc5 Bxh5 34. Bf5+ Ke8 35. Qe5+ Kf7 36. Bxc2 Rh6 37. Qc7+ Ke8 38. Kg1 Bf7 39. Qe5+ Re6 40. Ba4+ Ke7 41. Qg5+ Rf6 42. Qc5+ 1-0